1923 1649 1004 1144 1606 1056 1323 1745 1111 1732 1663 1745 1202 1823 1852 1640 1301 1833 1121 1072 1716 1234 1602 1499 1890 1552 1484 1288 1979 1195 1914 1606 1124 1522 1414 1973 1723 1168 1185 1037 1898 1627 1887 1068 1026 1696 1098 1155 1740 1467 1271 1282 1647 1319 1117 1907 1947 1397 1448 1698 1729 1415 1696 1049 1248 1589 1957 1513 1322 1434 1189 1455 1874 1969 1318 1797 1061 1874 1782 1193 1439 1549 1653 1999 1895 1415 1774 1220 1723 1970 1857 1087 1977 1676 1884 1789 1650 1719 1399 BCNSPRNW ULIB Ver.6.0+V

เปลี่ยนเป็นภาษาไทย

Change to English
 แสดงรายละเอียดบรรณานุกรม
  กลับหน้าหลัก

Brief Record : Get Marc (ISO 2709) : E-mail record : QR code < ปิดหน้าต่าง
LEADER : 00000nam 2200000uu 4500
001    13399112370
003     ULIB
008    110627s2551||||th 000 0 tha d
020    9789740693352
090    นว.^bพ681ซ 2551
100 0  พินกี้ พราว
245 00 ซ่อนรักไว้เพื่อ...นายเพื่อนสินท/^cพินกี้ พราว
250    พิมพ์ครั้งที่ 1
260    กรุงเทพฯ :^bพิมพ์ใจ,^c2551
300    300 หน้า
710 1  พิมพ์ใจ
945    ^p196^l0^i023611
995    ทศพร
999 ^a ใช้งานได้ทุกระบบ
รายการนี้ยังไม่มีแท็ก
คุณยังไม่ได้ล็อกอิน คุณสามารถมีกิจกรรมร่วมกับเว็บไซต์ได้ แต่ต้องล็อกอินก่อน ::
  ล็อกอิน

รายการสื่อสารสนเทศ

ลำดับที่ ประเภท เลขเรียก/บาร์โค้ด สถานที่ สถานะ
- ไม่พบข้อมูล -

BibComment


ยังไม่เคยถูกคอมเมนท์

คอมเมนท์ทรัพยากรรายการนี้
  คอมเมนท์: ซ่อนรักไว้เพื่อนา..


 Copyright 2026. Bcnsprnw @Library